| 000 | 00511nam a2200181Ia 4500 | ||
|---|---|---|---|
| 003 | LK-CoDNM | ||
| 005 | 20240314132911.0 | ||
| 008 | 010623t1902 xxu||||| |||| 00| 1 Pali d | ||
| 040 |
_aLK-CoDNM _dLK-CoDNM _eLK-CoDNM |
||
| 041 |
_aPali _asin |
||
| 080 | _a104 EE28 | ||
| 100 | _aPiyatissa Thero,Vajiragnalankara | ||
| 245 | _aමුම්මවංශකතිකාවත | ||
| 246 | _aMummavanshakathikavatha | ||
| 260 |
_bJinalankara Press _aColombo _c1902 |
||
| 300 |
_bDamaged _a10p.,21 cm |
||
| 942 | _cBK | ||
| 999 |
_c85494 _d85494 |
||